000 00755nas a2200253 4500
001 BR2014003533
003 BR-BrBNA
005 20231205124103.0
007 ta
008 230509b bl.|||p| |||| 00| 00por d
040 _aBR-BrBNA
_bpor
_cBiblioteca Nacional de Agricultura
041 _a(Pt)
072 _aQ02
100 1 _aSilveira, E.T.F.
100 1 _aTonietti, A.P.
245 1 _aModificadores metabólicos aplicados na produção de carne suína
650 _aPRODUÇÃO DE CARNE
650 _aCARNE
650 _aVITAMINA A
650 _aVITAMINA E
773 0 _tRevista Nacional da Carne (Brazil)
_xISSN 1413-4837
_g(Apr 2008), v. 32(374) p. 100-102
_wBR2014003533
909 _a202311
_bLúcia
_c55
_dLúcia Elande
942 _2AGRIS
_n0
_cANA
999 _c237225
_d237225